| 000 | 00949nam a22002417a 4500 | ||
|---|---|---|---|
| 005 | 20200104041628.0 | ||
| 008 | 140825|2007 xxu||||| |||| 00| 0 ck spa d | ||
| 020 | _a9789588188102 | ||
| 041 | _aspa | ||
| 044 | _ack | ||
| 082 |
_a333.72 _bA67a |
||
| 110 |
_aColombia _bCorporación Autónoma Regional de Cundinamarca-CAR _926014 |
||
| 245 |
_aÁreas protegidas del territorio CAR _cCorporación Autónoma Regional de Cundinamarca-CAR |
||
| 260 |
_aBogotá D.C _bCorporación Autónoma Regional de Cundinamarca _c2007 |
||
| 300 |
_a119 p. _bFot (col), tablas. _c28 cm. |
||
| 504 | _aIncluye referencias bibliográficas (pag 117-119) | ||
| 650 | 6 |
_aGestión ambiental _992206 |
|
| 650 | 6 |
_aConservación de recursos naturales _925840 |
|
| 650 | 6 |
_aÁreas Protegidas _978 |
|
| 710 |
_aColombia _bInstituto de Investigaciones Biológicas, Alexander von Humboldt _926017 |
||
| 710 |
_aColombia _bGrupo SIRAP-CAR _926018 |
||
| 942 |
_2ddc _cLIBRO _03 |
||
| 999 |
_c8624 _d8624 |
||